New York Mets: All-Star Selections - Statistics

General Stats
  • This quiz has been taken 1,289 times
    469 since last reset
  • The average score is 24 of 62
Answer Stats
Position Amount of Selections Player % Correct
1B 4 Pete Alonso
91%
P 9 Tom Seaver
91%
P 4 Jacob deGrom
89%
C 7 Mike Piazza
85%
3B 7 David Wright
84%
RF 7 Darryl Strawberry
79%
P 4 Dwight Gooden
74%
SS 4 José Reyes
71%
1B 3 Keith Hernandez
70%
C 4 Gary Carter
68%
OF 2 Jeff McNeil
65%
P 1 Noah Syndergaard
64%
CF 5 Carlos Beltrán
58%
P 1 Edwin Díaz
58%
P 1 Matt Harvey
56%
3B 2 Howard Johnson
47%
CF 1 Lance Johnson
46%
P 2 Jerry Koosman
44%
P 1 John Franco
41%
P 1 Ron Darling
41%
P 1 Johan Santana
40%
OF 1 Starling Marte
40%
2B 1 Daniel Murphy
39%
P 2 Pedro Martínez
39%
P 1 R.A. Dickey
38%
P 1 Bartolo Colon
37%
LF 1 Cleon Jones
37%
3B 1 Edgardo Alfonzo
37%
OF 1 Michael Conforto
37%
P 1 Bobby Jones
36%
CF 2 Willie Mays
36%
LF 1 Yoenis Céspedes
35%
P 2 Sid Fernandez
33%
P 1 Jeurys Familia
31%
P 2 David Cone
30%
P 2 Billy Wagner
29%
C 2 Todd Hundley
29%
P 2 Jesse Orosco
28%
P 2 Tom Glavine
28%
P 1 Al Leiter
27%
C 1 Paul Lo Duca
27%
P 3 Jon Matlack
26%
P 1 Taijuan Walker
25%
1B 1 Ed Kranepool
23%
P 1 Francisco Rodríguez
23%
3B 2 Bobby Bonilla
22%
LF 1 Dave Kingman
22%
P 1 Kodai Senga
22%
P 1 Tug McGraw
21%
C 1 Jerry Grote
20%
P 1 Armando Benítez
18%
C 4 John Stearns
18%
SS 2 Bud Harrelson
17%
P 2 Frank Viola
17%
CF 1 Lee Mazzilli
15%
P 1 Bret Saberhagen
14%
P 2 Rick Reed
12%
CF 1 Duke Snider
11%
CF 3 Richie Ashburn
10%
2B 1 Ron Hunt
10%
OF 1 Joel Youngblood
8%
P 1 Pat Zachry
7%
No matching quizzes found
Score Distribution
Percent of People with Each Score
Percentile by Number Answered
Your Score History
You have not taken this quiz since the last reset